| 000 | 00343nam a2200133Ia 4500 | ||
|---|---|---|---|
| 005 | 20260328104338.0 | ||
| 008 | 260328s9999||||xx |||||||||||||| ||und|| | ||
| 100 | _aBaker, Geoffrey H. | ||
| 245 | 0 |
_aLe Corbusier : _b Ánalisis de la Forma / _cGeoffrey H. Baker |
|
| 260 | _bGustavo Gili | ||
| 300 | _a277 p. | ||
| 650 | _aBOCETOS | ||
| 942 | _cBK | ||
| 999 |
_c11971 _d11971 |
||